Countries within the Temperate Climate Zone - Statistics

General Stats
  • This quiz has been taken 117 times
  • The average score is 68 of 76
Answer Stats
Continent Country % Correct
Oceania Australia
98%
Oceania New Zealand
97%
North America United States
97%
North America Canada
96%
Asia Turkey
96%
Europe United Kingdom
96%
South America Chile
94%
Asia China
94%
Europe Finland
94%
Europe France
94%
Europe Germany
94%
Asia Russia
94%
Europe Albania
93%
South America Argentina
93%
Europe Estonia
93%
Asia Japan
93%
Asia Kazakhstan
93%
South America Uruguay
93%
Asia Armenia
92%
Europe Bulgaria
92%
Europe Croatia
92%
Europe Denmark
92%
Europe Ireland
92%
Europe Italy
92%
Europe Spain
92%
Asia Turkmenistan
92%
Europe Ukraine
92%
Asia Afghanistan
91%
Europe Hungary
91%
Asia Iran
91%
Europe Latvia
91%
Europe Lithuania
91%
Asia Mongolia
91%
Europe Poland
91%
Europe Portugal
91%
Asia Tajikistan
91%
Asia Uzbekistan
91%
Asia Azerbaijan
90%
Europe Greece
90%
Asia Kyrgyzstan
90%
Europe Norway
90%
Asia Pakistan
90%
Asia South Korea
90%
Europe Sweden
90%
Europe Switzerland
90%
Europe Andorra
89%
Europe Austria
89%
Europe Belgium
89%
Europe Iceland
89%
Asia India
89%
Asia Iraq
89%
Asia North Korea
89%
Europe Romania
89%
Europe Slovakia
89%
Europe Vatican City
89%
Asia Georgia
88%
Europe Liechtenstein
88%
Europe Luxembourg
88%
Africa Morocco
88%
Europe Netherlands
88%
Europe San Marino
88%
Europe Slovenia
88%
Africa Algeria
87%
Europe Bosnia and Herzegovina
87%
Europe Serbia
87%
Europe Kosovo
85%
Europe Monaco
85%
Africa Tunisia
85%
Europe Czechia
84%
Europe Malta
84%
Europe Montenegro
84%
Europe North Macedonia
84%
Asia Syria
84%
Asia Cyprus
83%
Europe Moldova
83%
Europe Belarus
82%
No matching quizzes found
Score Distribution
Percent of People with Each Score
Percentile by Number Answered
Your Score History
You have not taken this quiz